000 00733nam a2200217 i 4500
001 37144
003 ES-MaACL
005 20230906155519.0
007 t|
008 030220s1930 sp ||||1| spa d
100 1 _aBruns, Oscar.
_932206
245 1 0 _aTratamiento de la muerte aparente /
_cpor Oscar Bruns y Carlos Thiel ; traducido del alemán por J. González Campo de Cos de Madrid.
260 _aBarcelona :
_b[s.n.,
_c1930] (
_fArtes Gráficas Belort)
300 _a173 p. ;
_c22 cm.
490 1 _aColección Marañón
700 1 _aThiel, Carlos.
_9109935
700 1 _aGonzález-Campo de Cos, José.
_958488
830 0 _aColección Marañón
_9181687
852 _aES-MaACL
_jA-5110
_bR.18180
999 _c37144
_d37144